000
00330nmm a2200145 a 4500
003
AR-BaBNM
005
20251128203121.0
008
223119s1897 ||||||||||||||000 | spa||
040
_c
AR-BaBNM
100
1
_a
Valdivia, Luís de
245
1
0
_a
Nueve sermones
260
_a
[S.l.]
_b
Elzeviriana
_c
1897
942
_c
BK
998
_c
Rhizi
999
_c
1978
_d
1978